[Event "MPL Indian Chess Tour #1"]
[Site "chess24.com INT"]
[Date "2022.04.02"]
[Round "9.3"]
[White "Aryan, Chopra"]
[Black "Ganguly, Surya Shekhar"]
[Result "1/2-1/2"]
[WhiteTitle "GM"]
[BlackTitle "GM"]
[WhiteElo "2585"]
[BlackElo "2609"]
[WhiteFideId "5084423"]
[BlackFideId "5002150"]
[EventDate "2022.03.31"]

1. d4 Nf6 2. Nf3 d5 3. Bf4 c5 4. e3 Nc6 5. Nbd2 Qb6 6. dxc5 Qxb2 7. Rb1 Qc3 8.
Bb5 g6 9. e4 dxe4 10. Be5 Qa5 11. O-O exf3 12. Bxc6+ bxc6 13. Qxf3 Nd5 14. Bxh8
Qxd2 15. c4 f6 16. Rfd1 Qc3 17. cxd5 Qxf3 18. gxf3 Bf5 19. Rb7 O-O-O 20. Rxa7
Kb8 21. Ra4 cxd5 22. Rd2 Kc7 23. Rb2 d4 24. Rb6 d3 25. Ra7+ Kc8 26. Rbb7 d2 27.
Rc7+ Kb8 28. Rcb7+ Kc8 29. Rc7+ Kb8 30. Rcb7+ Kc8 1/2-1/2

[Event "MPL Indian Chess Tour #1"]
[Site "chess24.com INT"]
[Date "2022.04.02"]
[Round "9.5"]
[White "Sadhwani, Raunak"]
[Black "Adhiban, Baskaran"]
[Result "1-0"]
[WhiteTitle "GM"]
[BlackTitle "GM"]
[WhiteElo "2616"]
[BlackElo "2648"]
[WhiteFideId "35093487"]
[BlackFideId "5018471"]
[EventDate "2022.03.31"]

1. d4 e6 2. Nf3 c5 3. e4 cxd4 4. Nxd4 a6 5. Bd3 g6 6. O-O Bg7 7. Nf3 Ne7 8. c4
O-O 9. Nc3 Nbc6 10. Bg5 h6 11. Bh4 d6 12. Bg3 e5 13. h3 f5 14. Bh2 f4 15. Be2 g5
16. Qd3 Nd4 17. Rad1 Be6 18. Nxd4 exd4 19. Nd5 Nc6 20. Qb3 Rb8 21. Kh1 Kh8 22.
f3 Bxd5 23. exd5 Ne7 24. Bd3 Qd7 25. Bg1 Rfe8 26. Be4 Nf5 27. Bxf5 Qxf5 28. Bxd4
Bxd4 29. Rxd4 Re2 30. Qb4 Qe5 31. Rd2 Rxd2 32. Qxd2 b5 33. Re1 Qg7 34. cxb5 axb5
35. Re6 Rd8 36. Qe2 b4 37. Qe4 1-0

[Event "MPL Indian Chess Tour #1"]
[Site "chess24.com INT"]
[Date "2022.04.02"]
[Round "10.2"]
[White "Sankalp, Gupta"]
[Black "Lalith, Babu M R"]
[Result "1-0"]
[WhiteTitle "GM"]
[BlackTitle "GM"]
[WhiteElo "2536"]
[BlackElo "2558"]
[WhiteFideId "5097010"]
[BlackFideId "5024595"]
[EventDate "2022.03.31"]

1. e4 e5 2. Nc3 Nc6 3. g3 d6 4. Bg2 Be7 5. Nge2 Bg4 6. h3 Bh5 7. d3 Nd4 8. g4
Nxe2 9. Qxe2 Bg6 10. Be3 Bg5 11. Bxg5 Qxg5 12. h4 Qe7 13. h5 h6 14. hxg6 fxg6
15. O-O-O g5 16. Nd5 Qd7 17. d4 1-0

[Event "MPL Indian Chess Tour #1"]
[Site "chess24.com INT"]
[Date "2022.04.02"]
[Round "10.4"]
[White "Adhiban, Baskaran"]
[Black "Gupta, Abhijeet"]
[Result "0-1"]
[WhiteTitle "GM"]
[BlackTitle "GM"]
[WhiteElo "2648"]
[BlackElo "2628"]
[WhiteFideId "5018471"]
[BlackFideId "5010608"]
[EventDate "2022.03.31"]

1. c4 Nf6 2. Nc3 e5 3. Nf3 Nc6 4. e4 Bb4 5. d3 d6 6. Be2 Bg4 7. O-O Bxf3 8. Bxf3
h6 9. Kh1 Bc5 10. Bg4 h5 11. Bh3 Ng4 12. Bxg4 hxg4 13. Qxg4 Qd7 14. Qxd7+ Kxd7
15. Be3 Nd4 16. Na4 Ne6 17. Nxc5+ dxc5 18. f4 exf4 19. Bxf4 Ke7 20. Rad1 Rad8
21. Be3 Rd7 22. Rf5 Rhd8 23. Rd5 c6 24. Rxd7+ Rxd7 25. Kg1 b5 26. b3 a5 27. Kf2
a4 28. Ke2 b4 29. h4 axb3 30. axb3 Ra7 31. Rd2 Kd6 32. Bf2 Ra1 33. Bg3+ Kd7 34.
Bf2 Rb1 35. Ra2 Rxb3 36. Ra7+ Ke8 37. Be3 Rb1 38. e5 b3 39. Rb7 Kd8 40. Bd2 Kc8
41. Rb6 Nd4+ 42. Ke3 Kc7 43. Ba5 Ra1 44. Ra6+ Rxa5 45. Rxa5 b2 46. Ra7+ Kb8 0-1

[Event "MPL Indian Chess Tour #1"]
[Site "chess24.com INT"]
[Date "2022.04.02"]
[Round "10.7"]
[White "Mendonca, Leon Luke"]
[Black "Aryan, Chopra"]
[Result "1/2-1/2"]
[WhiteTitle "GM"]
[BlackTitle "GM"]
[WhiteElo "2536"]
[BlackElo "2585"]
[WhiteFideId "35028561"]
[BlackFideId "5084423"]
[EventDate "2022.03.31"]

1. Nf3 d5 2. d4 e6 3. c4 a6 4. cxd5 exd5 5. Nc3 c6 6. Bf4 Bd6 7. Bxd6 Qxd6 8. e3
Ne7 9. Be2 O-O 10. O-O Bf5 11. Qb3 Nd7 12. Rfc1 b5 13. a4 b4 14. Nb1 a5 15. Nbd2
c5 16. dxc5 Nxc5 17. Qd1 Rfc8 18. Nb3 Nxb3 19. Qxb3 Be6 20. Qd1 Nf5 21. Bd3 g6
22. h3 Bd7 23. Bxf5 Bxf5 24. Nd4 Bd7 25. b3 h5 26. Qd2 Rab8 27. Rxc8+ Rxc8 28.
Rc1 Rc5 29. Rxc5 Qxc5 30. Qe2 Qc1+ 31. Kh2 Qc7+ 32. f4 Qc3 33. Qf3 h4 34. Qxd5
Qxe3 35. Qxd7 Qg3+ 36. Kg1 Qe1+ 37. Kh2 Qg3+ 38. Kg1 Qe1+ 39. Kh2 Qg3+ 1/2-1/2

[Event "MPL Indian Chess Tour #1"]
[Site "chess24.com INT"]
[Date "2022.04.02"]
[Round "10.8"]
[White "Narayanan, S.L."]
[Black "Karthikeyan, Murali"]
[Result "1-0"]
[WhiteTitle "GM"]
[BlackTitle "GM"]
[WhiteElo "2658"]
[BlackElo "2622"]
[WhiteFideId "5058422"]
[BlackFideId "5074452"]
[EventDate "2022.03.31"]

1. e4 e5 2. Nf3 Nc6 3. Bc4 Nf6 4. d3 Bc5 5. c3 O-O 6. Bg5 h6 7. Bh4 Be7 8. Bg3
d6 9. h3 Be6 10. Nbd2 Qd7 11. O-O Rfe8 12. Re1 Bf8 13. b4 Bxc4 14. Nxc4 b5 15.
Ne3 a5 16. a3 d5 17. exd5 Nxd5 18. Nxd5 Qxd5 19. Qe2 axb4 20. axb4 Rxa1 21. Rxa1
f5 22. Ra6 Re6 23. c4 Qd7 24. cxb5 Nxb4 25. Rxe6 Qxe6 26. Qxe5 Qd7 27. Qxc7 Qxb5
28. Ne5 Qe8 29. Nd7 Be7 30. Qc4+ Kh7 31. Qe6 Nxd3 32. Bd6 Nxf2 33. Bxe7 1-0

[Event "MPL Indian Chess Tour #1"]
[Site "chess24.com INT"]
[Date "2022.04.02"]
[Round "11.2"]
[White "Aryan, Chopra"]
[Black "Narayanan, S.L."]
[Result "0-1"]
[WhiteTitle "GM"]
[BlackTitle "GM"]
[WhiteElo "2585"]
[BlackElo "2658"]
[WhiteFideId "5084423"]
[BlackFideId "5058422"]
[EventDate "2022.03.31"]

1. c4 e5 2. Nc3 Nf6 3. Nf3 Nc6 4. e4 h6 5. a3 d6 6. d4 Bg4 7. d5 Nd4 8. Be3
Nxf3+ 9. gxf3 Bd7 10. b4 Nh5 11. c5 Be7 12. Bb5 Bxb5 13. Nxb5 a6 14. Nc3 Bg5 15.
c6 b6 16. Kd2 O-O 17. Kc2 f5 18. Kb3 Bxe3 19. fxe3 f4 20. Qe2 Qf6 21. Raf1 Rf7
22. Rhg1 Kh7 23. Rg4 Qe7 24. exf4 Nxf4 25. Qd2 b5 26. Ne2 Nxe2 27. Qxe2 Qf8 28.
Rg3 Qb8 29. Qd2 Qb6 30. Qf2 Qb8 31. Qd2 Ra7 32. f4 a5 33. bxa5 Qa8 34. Rgf3 Rxa5
35. Qb2 exf4 36. Rxf4 Rxf4 37. Rxf4 b4 38. axb4 Ra1 39. Rf7 Qa4+ 40. Kc4 Qa6+
41. Kc3 Ra3+ 42. Kd2 Ra2 43. Qxa2 Qxa2+ 44. Kc3 Qa7 45. Kc4 Qa6+ 46. Kc3 Qb6 47.
Kc4 Kg6 48. Rd7 Kf6 0-1

[Event "MPL Indian Chess Tour #1"]
[Site "chess24.com INT"]
[Date "2022.04.02"]
[Round "11.5"]
[White "Gupta, Abhijeet"]
[Black "Harika, Dronavalli"]
[Result "0-1"]
[WhiteTitle "GM"]
[BlackTitle "GM"]
[WhiteElo "2628"]
[BlackElo "2517"]
[WhiteFideId "5010608"]
[BlackFideId "5015197"]
[EventDate "2022.03.31"]

1. d4 d6 2. e4 e5 3. dxe5 dxe5 4. Qxd8+ Kxd8 5. Be3 c6 6. Nd2 f6 7. a4 Kc7 8. a5
Be6 9. Bc4 Bxc4 10. Nxc4 Na6 11. c3 Nc5 12. Nd2 g6 13. b4 Ne6 14. Ngf3 Nh6 15.
Nc4 Nf7 16. Ke2 Nd6 17. Nfd2 Nb5 18. Rhc1 h5 19. Nb3 Bh6 20. Nc5 Nxc5 21. bxc5
a6 22. Kd3 Rae8 23. Kc2 f5 24. Bxh6 Rxh6 25. Re1 f4 26. Rad1 Rh7 27. Rd3 Rd7 28.
Red1 Rxd3 29. Rxd3 g5 30. Nd6 Rd8 31. Nf7 Na3+ 32. Kd2 Nc4+ 33. Ke2 Rg8 34. f3
g4 35. Kf2 gxf3 36. Kxf3 Rg6 37. Kf2 Rf6 38. Ng5 Nxa5 39. Rh3 Nb3 40. Rxh5 Nxc5
41. Rh8 a5 42. Ra8 a4 43. Ke2 Rg6 44. h4 Rh6 45. Nf3 Nxe4 46. Kd3 Nc5+ 47. Kc4
Nd7 48. Re8 Rg6 49. Re7 Rxg2 50. Nxe5 Kd6 51. Rxd7+ Kxe5 52. Rxb7 a3 53. Re7+
Kf5 54. Rf7+ Kg4 55. Rg7+ Kh3 56. Ra7 f3 57. Kd3 f2 58. Ke2 a2 59. h5 Rg1 60.
Kxf2 a1=Q 61. Rxa1 Rxa1 62. h6 0-1

[Event "MPL Indian Chess Tour #1"]
[Site "chess24.com INT"]
[Date "2022.04.02"]
[Round "11.6"]
[White "Iniyan, P"]
[Black "Adhiban, Baskaran"]
[Result "1/2-1/2"]
[WhiteTitle "GM"]
[BlackTitle "GM"]
[WhiteElo "2516"]
[BlackElo "2648"]
[WhiteFideId "25002767"]
[BlackFideId "5018471"]
[EventDate "2022.03.31"]

1. d4 d5 2. c4 e6 3. Nc3 c6 4. cxd5 exd5 5. Nf3 Nf6 6. Bg5 Be7 7. e3 Bf5 8. Ne5
Nbd7 9. Bd3 Bxd3 10. Nxd3 O-O 11. Qb3 Qb6 12. Qc2 a5 13. O-O h6 14. Bh4 Rfe8 15.
Rab1 Qd8 16. f3 Nf8 17. Bf2 Ne6 18. Rbd1 Rc8 19. Ne5 Bd6 20. Bh4 Be7 21. Bf2 Bd6
22. Bh4 Be7 23. Bf2 1/2-1/2

[Event "MPL Indian Chess Tour #1"]
[Site "chess24.com INT"]
[Date "2022.04.02"]
[Round "12.3"]
[White "Adhiban, Baskaran"]
[Black "Lalith, Babu M R"]
[Result "1/2-1/2"]
[WhiteTitle "GM"]
[BlackTitle "GM"]
[WhiteElo "2648"]
[BlackElo "2558"]
[WhiteFideId "5018471"]
[BlackFideId "5024595"]
[EventDate "2022.03.31"]

1. Nf3 Nf6 2. b3 d5 3. Bb2 b6 4. c4 Bb7 5. cxd5 Nxd5 6. g3 e6 7. Bg2 Nf6 8. O-O
Bd6 9. Na3 O-O 10. Nc4 Nbd7 11. Rc1 Re8 12. d4 Bf8 13. Nfe5 Bxg2 14. Kxg2 c5 15.
dxc5 Bxc5 16. Nxd7 Nxd7 17. Qd3 Qe7 18. Rfd1 Nf8 19. Qf3 f6 20. a3 a5 21. a4
Rac8 22. h4 Red8 23. h5 h6 24. e3 Nh7 25. Rxd8+ Rxd8 26. Qc6 Ng5 27. Nxb6 Bxe3
28. fxe3 Rd2+ 29. Kf1 Rxb2 30. Nd7 Qb4 31. Nxf6+ gxf6 32. Qe8+ Qf8 33. Qd7 Qg7
34. Qc8+ Qf8 35. Qd7 Qg7 36. Qc8+ Qf8 37. Qd7 1/2-1/2

[Event "MPL Indian Chess Tour #1"]
[Site "chess24.com INT"]
[Date "2022.04.02"]
[Round "12.5"]
[White "Ganguly, Surya Shekhar"]
[Black "Gupta, Abhijeet"]
[Result "1-0"]
[WhiteTitle "GM"]
[BlackTitle "GM"]
[WhiteElo "2609"]
[BlackElo "2628"]
[WhiteFideId "5002150"]
[BlackFideId "5010608"]
[EventDate "2022.03.31"]

1. e4 c5 2. Nf3 d6 3. d4 cxd4 4. Nxd4 Nf6 5. Nc3 Nc6 6. Bg5 e6 7. Qd3 Bd7 8.
Ndb5 Nb4 9. Qd1 a6 10. Bxf6 gxf6 11. a3 Nxc2+ 12. Qxc2 axb5 13. Bxb5 Bxb5 14.
Nxb5 Qa5+ 15. Nc3 Bg7 16. O-O O-O 17. Rad1 Rfc8 18. Rxd6 f5 19. exf5 Bxc3 20.
bxc3 Qxf5 21. Rd3 Rxa3 22. Rg3+ Kf8 23. Qd2 Qc5 24. Qh6+ Ke7 25. Qh4+ Kd7 26.
Rd1+ Kc7 27. Qf4+ e5 28. Qxf7+ Kb8 29. Rb1 Qb6 30. Qxh7 Raxc3 31. Rxc3 Rxc3 32.
Qh8+ 1-0

[Event "MPL Indian Chess Tour #1"]
[Site "chess24.com INT"]
[Date "2022.04.03"]
[Round "13.3"]
[White "Sadhwani, Raunak"]
[Black "Narayanan, S.L."]
[Result "1/2-1/2"]
[WhiteTitle "GM"]
[BlackTitle "GM"]
[WhiteElo "2616"]
[BlackElo "2658"]
[WhiteFideId "35093487"]
[BlackFideId "5058422"]
[EventDate "2022.03.31"]

1. e4 e5 2. Nf3 Nc6 3. Bc4 Nf6 4. d3 Bc5 5. O-O d6 6. c3 h6 7. Re1 O-O 8. h3 Bb6
9. a4 a5 10. Nbd2 Be6 11. b3 d5 12. exd5 Nxd5 13. Ne4 Re8 14. Qc2 Nf6 15. Bb5
Nxe4 16. dxe4 Qf6 17. Kh2 Red8 18. Bxc6 bxc6 19. Be3 Rab8 20. c4 Bd4 21. Bxd4
exd4 22. Qd3 c5 23. Rf1 g5 24. Nd2 Kh8 25. g3 Rg8 26. f4 gxf4 27. Rxf4 Qe5 28.
Raf1 Rg6 29. Nf3 Qd6 30. Nh4 Rg5 31. Nf5 Qf8 32. R1f3 Rb6 33. Qd1 Kh7 34. Qd2
Bxf5 35. h4 Bg6 36. hxg5 hxg5 37. Rf6 Qh6+ 38. Kg1 Rxf6 39. Rxf6 Kg7 40. Rc6 Qh5
41. Rxc5 Qf3 42. Qxd4+ f6 43. Rxc7+ Kh6 44. Qf2 Qd1+ 45. Qf1 Qxb3 46. Kh2 Qb2+
47. Qg2 Qd4 48. c5 g4 49. Qf1 Kh5 50. Qf4 Qb2+ 51. Kg1 Qa1+ 52. Kh2 Qb2+ 53. Kg1
Qa1+ 54. Qf1 Qe5 55. Qf2 Qa1+ 56. Qf1 Qe5 57. Qg2 Qd4+ 58. Qf2 Qa1+ 59. Qf1 1/2-1/2

[Event "MPL Indian Chess Tour #1"]
[Site "chess24.com INT"]
[Date "2022.04.03"]
[Round "13.5"]
[White "Iniyan, P"]
[Black "Ganguly, Surya Shekhar"]
[Result "0-1"]
[WhiteTitle "GM"]
[BlackTitle "GM"]
[WhiteElo "2516"]
[BlackElo "2609"]
[WhiteFideId "25002767"]
[BlackFideId "5002150"]
[EventDate "2022.03.31"]

1. c4 Nf6 2. g3 e6 3. Bg2 d5 4. Nf3 Be7 5. O-O O-O 6. d4 dxc4 7. Qc2 b5 8. a4 b4
9. Ne5 Nd5 10. Nxc4 Ba6 11. Rd1 c5 12. e4 Nf6 13. dxc5 Nbd7 14. c6 Rc8 15. e5
Nd5 16. Ne3 Nxe5 17. Nxd5 exd5 18. Bxd5 Qa5 19. Bf4 Nd3 20. Rxd3 Bxd3 21. Qb3
Rcd8 22. Bxf7+ Rxf7 23. c7 Rf8 24. Qxd3 Rxf4 25. gxf4 Qxc7 26. Nd2 Qxf4 27. Qc4+
Qxc4 28. Nxc4 Bc5 29. Ne3 Bd4 30. Rb1 Rc8 31. Nf5 Bxf2+ 32. Kxf2 Rf8 33. Rc1
Rxf5+ 34. Kg3 h5 35. Rc8+ Kh7 36. Rb8 a5 37. Rb5 Kg6 38. Rb6+ Kf7 39. Rb7+ Kf6
40. Rb6+ Ke5 41. Rg6 Kd4 42. Rxg7 h4+ 43. Kxh4 Rf2 44. h3 Rxb2 45. Rg5 Re2 46.
Rxa5 Re4+ 47. Kg3 b3 48. Rf5 b2 49. Rf1 Kc3 50. a5 Ra4 51. a6 Rxa6 52. Kg4 Ra1
53. Rf3+ Kc4 54. Rf4+ Kc5 55. Rf5+ Kc6 56. Rf6+ Kd7 57. Rb6 b1=Q 58. Rxb1 Rxb1
59. Kg5 Rg1+ 60. Kf6 Rh1 61. h4 Rxh4 0-1

[Event "MPL Indian Chess Tour #1"]
[Site "chess24.com INT"]
[Date "2022.04.03"]
[Round "13.7"]
[White "Puranik, Abhimanyu"]
[Black "Adhiban, Baskaran"]
[Result "1/2-1/2"]
[WhiteTitle "GM"]
[BlackTitle "GM"]
[WhiteElo "2618"]
[BlackElo "2648"]
[WhiteFideId "5061245"]
[BlackFideId "5018471"]
[EventDate "2022.03.31"]

1. Nf3 d5 2. g3 g6 3. Bg2 Bg7 4. d4 Nf6 5. O-O O-O 6. c4 dxc4 7. Na3 c3 8. bxc3
c5 9. Re1 Nc6 10. Bb2 Nd7 11. Nc4 Nb6 12. Nxb6 Qxb6 13. Rb1 Qa6 14. d5 Na5 15.
Qa4 b5 16. Qh4 Qf6 17. Qxf6 Bxf6 18. Nd2 Bg7 19. c4 Bxb2 20. Rxb2 b4 21. a3 b3
22. Ne4 Bf5 23. Nxc5 Bc2 24. d6 exd6 25. Bxa8 Rxa8 26. Nxb3 Bxb3 27. e4 Bxc4 28.
Rd1 Rd8 29. Rb4 Be6 30. Rc1 Nb3 31. Rc7 a5 32. Rb5 a4 33. f4 d5 34. exd5 Rxd5
35. Rxd5 Bxd5 36. Kf2 h5 37. Ra7 Bc6 38. Rc7 Be8 39. Ke3 Kg7 40. Rc8 Bd7 41. Rc7
Be8 42. Rc8 Kf8 43. Rc7 f6 44. Kd3 Bb5+ 45. Kc3 Be8 46. Kd3 Bb5+ 47. Kc3 Be8 48.
Kd3 1/2-1/2

[Event "MPL Indian Chess Tour #1"]
[Site "chess24.com INT"]
[Date "2022.04.03"]
[Round "14.2"]
[White "Adhiban, Baskaran"]
[Black "Sankalp, Gupta"]
[Result "1/2-1/2"]
[WhiteTitle "GM"]
[BlackTitle "GM"]
[WhiteElo "2648"]
[BlackElo "2536"]
[WhiteFideId "5018471"]
[BlackFideId "5097010"]
[EventDate "2022.03.31"]

1. Nf3 d5 2. c4 d4 3. b4 f6 4. e3 e5 5. c5 dxe3 6. fxe3 Be6 7. d4 e4 8. Nfd2 f5
9. Nc3 Qg5 10. d5 Qxe3+ 11. Ne2 Bxd5 12. Nf3 Qd3 13. Qxd3 exd3 14. Nf4 Bxf3 15.
gxf3 Nc6 16. Ne6 Kd7 17. Nxf8+ Rxf8 18. Bb2 Nf6 19. Bxd3 Nxb4 20. Bxf5+ Kc6 21.
O-O Re8 22. Rfd1 Nbd5 23. Bc2 Re2 24. Rdc1 Kd7 25. Bf5+ Kd8 26. Rab1 Ne3 27. Bh3
Nfd5 28. Be5 Rf8 29. Rxb7 Rxf3 30. Be6 Rg2+ 31. Kh1 Rc2 32. Rcb1 Rxc5 33. Rxa7
Ke7 34. Bxd5 Nxd5 35. Bxg7 Rc2 36. a4 Kd6 37. Re1 Ne3 38. Ra5 c5 39. Ra6+ Kd5
40. Rh6 Rf7 41. Rxh7 Re2 42. Rc1 Nc2 43. Rh5+ Kd6 44. Be5+ Rxe5 45. Rxe5 Kxe5
46. Rxc2 Kd4 47. Kg2 c4 48. Kg3 Rg7+ 49. Kf4 Rh7 50. Kg3 Kd3 51. Rc1 c3 52. h4
c2 53. Kg4 Kd2 54. Ra1 Ra7 55. Rh1 Rxa4+ 56. Kg5 Re4 57. h5 Re1 58. Rh2+ Re2 59.
Rh1 Re1 60. Rh2+ Kd3 61. Rxc2 Kxc2 62. h6 Rh1 63. Kg6 Kd3 64. h7 Ke4 65. Kg7 Kf5
66. h8=Q Rxh8 67. Kxh8 1/2-1/2

[Event "MPL Indian Chess Tour #1"]
[Site "chess24.com INT"]
[Date "2022.04.03"]
[Round "14.4"]
[White "Ganguly, Surya Shekhar"]
[Black "Lalith, Babu M R"]
[Result "0-1"]
[WhiteTitle "GM"]
[BlackTitle "GM"]
[WhiteElo "2609"]
[BlackElo "2558"]
[WhiteFideId "5002150"]
[BlackFideId "5024595"]
[EventDate "2022.03.31"]

1. Nf3 Nf6 2. c4 e6 3. Nc3 d5 4. e3 Be7 5. b3 O-O 6. Bb2 b6 7. Qc2 Bb7 8. Ng5 d4
9. exd4 Nc6 10. Nf3 Re8 11. a3 Nxd4 12. Nxd4 Qxd4 13. Nd5 Qc5 14. Nxe7+ Qxe7 15.
Be2 Rad8 16. O-O e5 17. Rfe1 Qd6 18. Rad1 c5 19. Bf1 Nd7 20. Bd3 g6 21. Re3 Nb8
22. Rde1 Nc6 23. f4 Nd4 24. Qd1 f6 25. fxe5 Rxe5 26. Rxe5 fxe5 27. Be4 Bxe4 28.
Rxe4 Rf8 29. h3 Qf6 30. Bxd4 exd4 31. Qe2 Rf7 32. b4 cxb4 33. axb4 a5 34. bxa5
bxa5 35. Qd3 a4 36. Qxd4 Qxd4+ 37. Rxd4 a3 0-1

[Event "MPL Indian Chess Tour #1"]
[Site "chess24.com INT"]
[Date "2022.04.03"]
[Round "14.6"]
[White "Narayanan, S.L."]
[Black "Gupta, Abhijeet"]
[Result "0-1"]
[WhiteTitle "GM"]
[BlackTitle "GM"]
[WhiteElo "2658"]
[BlackElo "2628"]
[WhiteFideId "5058422"]
[BlackFideId "5010608"]
[EventDate "2022.03.31"]

1. Nf3 Nf6 2. c4 g6 3. Nc3 Bg7 4. e4 e5 5. Nxe5 O-O 6. Nf3 Re8 7. d3 d5 8. cxd5
Nxd5 9. Bd2 c5 10. Be2 Nb4 11. O-O N8c6 12. a3 Nxd3 13. Bg5 Nxb2 14. Qc2 Nd4 15.
Nxd4 Qxd4 16. Rac1 Qxc3 17. Qxc3 Bxc3 18. Rxc3 Na4 19. Re3 Bd7 20. h4 Bc6 21. f3
h5 22. Kf2 b5 23. Rg1 Re5 24. g4 hxg4 25. Rxg4 Kg7 26. Rd3 Re6 27. Rg1 f6 28.
Bf4 Rh8 29. Bg3 c4 30. Rd4 Nc5 31. Bf1 Kf7 32. Bh3 Ree8 33. Rgd1 g5 34. a4 gxh4
35. Bh2 Nd3+ 36. Ke3 Rd8 37. axb5 Rxd4 38. bxc6 Rdd8 39. Ra1 Ra8 40. Kd4 Nb4 41.
Kc5 a5 42. Rd1 Nd3+ 43. Kb6 a4 44. c7 a3 45. Kb7 a2 46. Ra1 Nc5+ 47. Kc6 Nb3 48.
Rd1 a1=Q 49. Rd7+ Kg6 50. Bf5+ Kh5 51. Bg4+ Kg5 52. Rd5+ f5 53. Rxf5+ Kg6 0-1

[Event "MPL Indian Chess Tour #1"]
[Site "chess24.com INT"]
[Date "2022.04.03"]
[Round "15.3"]
[White "Gupta, Abhijeet"]
[Black "Karthikeyan, Murali"]
[Result "1-0"]
[WhiteTitle "GM"]
[BlackTitle "GM"]
[WhiteElo "2628"]
[BlackElo "2622"]
[WhiteFideId "5010608"]
[BlackFideId "5074452"]
[EventDate "2022.03.31"]

1. d4 Nf6 2. c4 e6 3. Nc3 Bb4 4. a3 Bxc3+ 5. bxc3 c5 6. e3 Nc6 7. Bd3 b6 8. Ne2
O-O 9. e4 Ne8 10. h4 Ba6 11. h5 Na5 12. h6 g6 13. O-O Bxc4 14. Bxc4 Nxc4 15. Qa4
Na5 16. dxc5 bxc5 17. Rd1 Qc7 18. Rxd7 Qc6 19. Qxc6 Nxc6 20. Bg5 f6 21. Be3 Rf7
22. Rad1 g5 23. f4 Nd4 24. Rxf7 Nxe2+ 25. Kf2 Kxf7 26. Kxe2 gxf4 27. Rd7+ Kg6
28. Bxf4 a5 29. a4 Rc8 30. Ra7 e5 31. Be3 Nd6 32. Rg7+ Kh5 33. Kf3 Nc4 34. Rxh7
Nxe3 35. Kxe3 c4 36. Ra7 Kxh6 37. Rxa5 Kg5 38. Rd5 Rb8 39. Rc5 Rb2 40. Kf3 Ra2
41. Rxc4 Kh4 42. g3+ Kg5 43. Ke3 Rg2 44. a5 Rxg3+ 45. Kf2 Kf4 46. a6 Rh3 47. Ra4
Rh2+ 48. Kg1 Rh8 49. a7 Ra8 50. Kf2 f5 51. exf5+ Kxf5 52. Ke3 Ke6 53. Ra5 Kd6
54. Ke4 Kc6 55. Kxe5 Kb7 56. Kd6 1-0

[Event "MPL Indian Chess Tour #1"]
[Site "chess24.com INT"]
[Date "2022.04.03"]
[Round "15.4"]
[White "Iniyan, P"]
[Black "Narayanan, S.L."]
[Result "1/2-1/2"]
[WhiteTitle "GM"]
[BlackTitle "GM"]
[WhiteElo "2516"]
[BlackElo "2658"]
[WhiteFideId "25002767"]
[BlackFideId "5058422"]
[EventDate "2022.03.31"]

1. c4 c5 2. Nf3 Nf6 3. g3 Nc6 4. Bg2 d6 5. O-O g6 6. d4 cxd4 7. Nxd4 Bd7 8. Nc3
Bg7 9. Nb3 Qc8 10. c5 dxc5 11. Nxc5 Bh3 12. Qb3 Bxg2 13. Kxg2 b6 14. N5e4 Nxe4
15. Nxe4 O-O 16. Be3 Na5 17. Qb4 Qe6 18. Ng5 Qd5+ 19. Nf3 Nc4 20. Bg5 a5 21.
Qxe7 Rfe8 22. Rad1 Qb5 23. Qb7 Rab8 24. Qd5 Qxd5 25. Rxd5 Nxb2 26. e3 Na4 27.
Rd7 Nc5 28. Ra7 Ra8 29. Rxa8 Rxa8 30. Rb1 Na4 31. h4 Nc3 32. Rxb6 Nxa2 33. Be7
a4 34. Nd4 Nc3 35. Ba3 Bf8 36. Nc2 Bxa3 37. Nxa3 h5 38. Rb4 Rc8 39. g4 hxg4 40.
Rxg4 Kh7 41. Rb4 f5 42. Nc4 Ra8 43. Na3 Ra7 44. Rc4 Ne4 45. f3 Nf6 46. e4 fxe4
47. fxe4 Kh6 48. e5 Nd7 49. e6 1/2-1/2